| 000 | 00778cab a2200241 4500 | ||
|---|---|---|---|
| 001 | ABS44177 | ||
| 008 | 090401t1990 xxu||||| |||| 00| 0 eng d | ||
| 035 | _a(Sirsi) u45660 | ||
| 041 | _aeng | ||
| 100 | _aByrne, P.J. | ||
| 245 | _aRole of diversification in restructuring farms and rural estates | ||
| 260 | _c1990 | ||
| 350 | _a0 | ||
| 490 |
_aJournal of the RASE _vvol 151 1990, 51-65(8) |
||
| 520 | _aAnalyses how farmers should diversify and how to judge the commercial potential of alternative enterprises . Includes appendix listing types of diversification and comments on their success. | ||
| 650 | _aECONOMICS | ||
| 650 | _aGRANTS | ||
| 650 | _aSET ASIDE | ||
| 690 | _aRURAL PRACTICE | ||
| 700 | _aRavenscroft, N. | ||
| 942 | _n0 | ||
| 948 | _c04/03/1997 | ||
| 999 |
_c28906 _d28906 |
||